000 00535pab a2200169 454500
008 180718b2011 xxu||||| |||| 00| 0 eng d
100 _aDebapriya, Aryashree
245 _aInter-district variation in the levels of agricultural development of Orissa: A quantitative analysis
260 _c2011
300 _ap.116-123.
650 _aAgricultural development - India - Orissa
650 _aAgricultural development
700 _aHota, Sanjib Kumar
773 _aIndian Journal of Regional Science
908 _aN
909 _a92935
999 _c92935
_d92935